000 00303nam a2200121Ia 4500
008 220204s9999 xx 000 0 und d
082 _a338.45633.72(540)
_bCHA
100 _aCHAUDHURI, M R
245 0 _aTea industry in India
260 _aCalcutta
_bOxford
_c1978
650 _aTea industry
942 _cBK
999 _c30165
_d30165